Phân lập và nhận diện vi khuẩn nốt rễ nội sinh cây lúa (Oryza sativa L.) bằng phương pháp PCR-ARDRA 16S - 23S IGS : Chuyên ngành Công nghệ sinh học

Đề tài phân lập được một số dòng vi khuẩn sử dụng lân trong ao nuôi cá tra công nghiệp. Xác định khả năng sử dụng lân hữu cơ của một số dòng vi khuẩn đã phân lập.

محفوظ في:
التفاصيل البيبلوغرافية
المؤلف الرئيسي: Nguyễn, Thị Ngọc Bích
التنسيق: كتاب
اللغة:Undetermined
منشور في: Cần Thơ Trường Đại học Cần Thơ 2009
الموضوعات:
الوسوم: إضافة وسم
لا توجد وسوم, كن أول من يضع وسما على هذه التسجيلة!
Thư viện lưu trữ: Trung tâm Học liệu Trường Đại học Cần Thơ
LEADER 01261nam a2200229Ia 4500
001 CTU_154229
008 210402s9999 xx 000 0 und d
082 |a 660.62 
082 |b B302ng 
088 |a 60420201 
100 |a Nguyễn, Thị Ngọc Bích 
245 0 |a Phân lập và nhận diện vi khuẩn nốt rễ nội sinh cây lúa (Oryza sativa L.) bằng phương pháp PCR-ARDRA 16S - 23S IGS : 
245 0 |b Chuyên ngành Công nghệ sinh học 
245 0 |c Nguyễn Thị Ngọc Bích; Trần Nhân Dũng, Cao Ngọc Điệp (Hướng dẫn khoa học) 
260 |a Cần Thơ 
260 |b Trường Đại học Cần Thơ 
260 |c 2009 
520 |a Đề tài phân lập được một số dòng vi khuẩn sử dụng lân trong ao nuôi cá tra công nghiệp. Xác định khả năng sử dụng lân hữu cơ của một số dòng vi khuẩn đã phân lập. 
650 |a Bacteria,Rice,Agricultural biotechnology,Vi khuẩn,Microbiological techniques 
650 |x Isolation & purification,Sự phân lập và sự lọc sạch 
904 |i Năm 
980 |a Trung tâm Học liệu Trường Đại học Cần Thơ